Prisoner Cell Block H opening mugshots quiz - Statistics

General Stats
  • This quiz has been taken 559 times
  • The average score is 16 of 25
Answer Stats
Answer % Correct
Bea
98%
Lizzie
92%
Doreen
88%
Judy
88%
Lynn
82%
Rita
81%
Karen
79%
Myra
75%
Lou
73%
Franky
71%
Alice
70%
Kath
70%
Nola
64%
Bobbie
62%
Reb
62%
Lexie
58%
Pixie
58%
Julie
56%
Nora
55%
Cass
49%
Maxine
49%
Sonia
49%
Marlene
46%
Lainie
38%
Tracey
33%
No matching quizzes found
Score Distribution
Percent of People with Each Score
Percentile by Number Answered
Your Score History
You have not taken this quiz